Preservation of some invariants of modules by specialization : Sự bảo toàn một số bất biến của môđun khi đặc biệt hóa /

Spremljeno u:
Bibliografski detalji
Glavni autor: Dam Van Nhi.
Format: Članak
Jezik:Vietnamese
Teme:
Oznake: Dodaj oznaku
Bez oznaka, Budi prvi tko označuje ovaj zapis!
Thư viện lưu trữ: Thư viện Trường Đại học Đà Lạt
LEADER 00896nam a2200265 4500
001 DLU130145452
005 ##20130123
040 # # |a DLU  |b vie 
041 # # |a vie 
044 # # |a vn 
100 # # |a Dam Van Nhi.  
245 # # |a Preservation of some invariants of modules by specialization :  |b Sự bảo toàn một số bất biến của môđun khi đặc biệt hóa /  |c Dam Van Nhi.  
653 # # |a Tự do hữu hạn 
653 # # |a Tuyến tính tối đại 
653 # # |a Vành đa thức 
773 # # |t Tạp chí Khoa học Toán - Vật lý(Đại học Quốc gia Hà Nội)   |g Số 1(18), 2002, tr. 47-54 
920 # # |a Phòng Tạp chí -- Trung tâm Thông tin - Thư viện Trường Đại học Đà Lạt 
994 # # |a DLU 
900 # # |a True 
911 # # |a Nguyễn Thị Linh Chi 
925 # # |a G 
926 # # |a A 
927 # # |a BB 
980 # # |a Thư viện Trường Đại học Đà Lạt